000 00790cam a2200205 4500
001 ABS62732
008 000000n2000 000 0 eng u
035 _a(Sirsi) u107961
245 _aQuestions of competence
260 _c2000
490 _aEstates Gazette
_v(0032) 12 August 2000, 84-86(3)
520 _aA 'Mainly for students' article giving advice on preparing for the APC interview. Covers common questions, what the assessors are looking for, expanding on points and primary areas of knowledge. Gives examples of likely questions for sales/lettings and valuation. COPY AVAILABLE FOR LOAN WITHIN J108208.
590 _aABS
650 _aAPC INTERVIEWS
650 _aAPC
_96216
650 _aValuation
_96273
650 _aLETTINGS
690 _aEDUCATION-APC
942 _n0
999 _c64494
_d64494